000 00720cab a2200253 4500
001 ABS54748
008 090401t1996 xxu||||| |||| 00| 0 eng d
035 _a(Sirsi) u12120
041 _aeng
100 _aNanson, B.
245 2 _aA British National Geospatial Database Part 1 What it is and why we need it
260 _c1996
350 _a0
490 _aMapping Awareness
_vMarch 1996, 18-20(3)
520 _aThe first of two articles examining the philosophy behind the development of a National Geospatial Database.
650 _aGIS
650 _aGPS
650 _aNATIONAL GEOSPATIAL DATABASE
690 _aLAND
700 _aSmith, N.
700 _aDavey, A.
942 _n0
948 _c04/03/1997
999 _c7755
_d7755